| 000 | 00569nam a2200157 i 4500 | ||
|---|---|---|---|
| 001 | 114473 | ||
| 003 | ES-MaACL | ||
| 007 | t| | ||
| 008 | 070302s1867 fr ||||1| fre d | ||
| 100 | 1 |
_aDelanoüe, J. _943314 |
|
| 245 | 1 | 0 |
_aDe l'Existence de deux loess distincts dans le Nord de la France / _cpar M. J. Delanoüe. |
| 260 |
_aParis : _b[s.n., _c1867] ( _fImpr. de E. Martinet) |
||
| 300 | _ap. 160-167. | ||
| 500 | _aSeparata de: Bulletin de la Société géologique de France, 2e série. T. XXIV, p. 160. Séance du 7 janvier 1867. | ||
| 852 |
_aES-MaACL _jT-911-F-5 |
||
| 999 |
_c114473 _d114473 |
||